000 01030nac a22003497a 4500
001 BR2010002541
003 BR-BrBNA
005 20240105123838.0
008 230509b bl.|||m| |||| 00| 0 por d
040 _aBR-BrBNA
_bpor
_cBiblioteca Nacional de Agricultura
072 _aL01
090 _a5212 BR2010002541
100 1 _aCarvalho, G.R.
100 1 _aOliveira, A.F. de
110 1 _aEMBRAPA Monitoramento por Satélite, Campinas, SP (Brasil)
245 1 _aO setor lácteo em perspectiva
260 3 _aCampinas, SP (Brasil):
_c2006.
300 _a22 p.
490 _aCircular Técnica - EMBRAPA Monitoramento por Satélite (Brazil)
_vno. 11
_xISSN 1414-4182
500 _a17 illus.; 19 ref.
650 _aPECUÁRIA
650 _aGADO LEITEIRO
650 _aLACTOSE
650 _aPRODUTOR
650 _aESTIMATIVA
650 _aPREÇO
650 _aMERCADO NACIONAL
650 _aMERCADO MUNDIAL
650 _aEXPORTAÇÃO
909 _a202312
_bLúcia Elande
_c55
_dLúcia Elande
942 _2AGRIS
_n0
_cMS
999 _c297241
_d297241